000 00729nam a22002417a 4500
003 UA-OsUOA
001 96618
007 ta
008 20130320b un ||||| |||| 00| 0 ukr d
100 _aЛермонтов М.
090 _a821.161.1
_bЛ49
942 _cBK
040 _aUA-OsUOA
_brus
_cUA-OsUOA
_dUA-OsUOA
245 _aСтихотворения. Поэмы. Маскарад. Герей нашего времени
300 _a414 с.
_bІлюстрації
955 _a3
041 _arus
080 _a821.161.1
260 _aМ.
_bХудожественная литература
_c1984
044 _aRU
650 7 _a82 Література. Літературознавство
_2UDC
999 _c382871
_d382871